| 000 | 01038cab a2200229 4500 | ||
|---|---|---|---|
| 001 | ABS37441 | ||
| 008 | 090401t1987 xxu||||| |||| 00| 0 eng d | ||
| 035 | _a(Sirsi) u4510 | ||
| 041 | _aeng | ||
| 100 | _aJarrad, L. | ||
| 245 | 4 | _aThe options facing partnerships | |
| 260 | _c1987 | ||
| 350 | _a0 | ||
| 490 |
_aEstates Gazette _v281 (6323) 28 February 1987, 897-902 (3) |
||
| 520 | _aEdited version of a paper presented to the College of Estate Management `s 1987 property conference, examining implications for commercial surveying partnerships of changing business market conditions. Discusses how the organisational problems of partnerships can be overcome and compares the advantages and disadvantages of partnerships and incorporation , with regard to working capital, professional independence and limited liability . | ||
| 650 | _aABOUT RICS-RICS MEMBERS | ||
| 650 | _aCOMMERCIAL AGENTS | ||
| 650 | _aDEREGULATION | ||
| 690 | _aMANAGEMENT-BUSINESS MANAGEMENT-PROFESSIONAL PRACTICE | ||
| 942 | _n0 | ||
| 948 | _c04/03/1997 | ||
| 999 |
_c2718 _d2718 |
||